[Event "CYCC U16"]
[Site "Ottawa CAN"]
[Date "2013.07.11"]
[Round "4"]
[White "Lo, Ryan"]
[Black "Wang, Richard"]
[Result "1-0"]
[WhiteElo "2222"]
[BlackElo "2484"]
[PlyCount "43"]
[GameId "2160767909334939"]
[EventDate "2013.07.10"]
[EventType "swiss"]
[EventRounds "6"]
[EventCountry "CAN"]
[SourceTitle "EXT 2022"]
[Source "ChessBase"]
[SourceDate "2021.10.06"]
[SourceVersion "1"]
[SourceVersionDate "2021.10.06"]
[SourceQuality "1"]

1. d4 d5 2. c4 c6 3. Nf3 Nf6 4. Nc3 dxc4 5. a4 Bf5 6. e3 e6 7. Bxc4 Bb4 8. O-O O-O 9. Qe2 Bg4 10. Bd2 c5 11. dxc5 Bxf3 12. gxf3 Nc6 13. Rad1 Bxc5 14. Ne4 Nxe4 15. fxe4 Qh4 16. f4 Rad8 17. Kh1 Rd7 18. Be1 Qd8 19. Rxd7 Qxd7 20. Bc3 Bb4 21. Bxg7 Kxg7 22. Qg2+ 1-0

[Event "CYCC U16"]
[Site "Ottawa CAN"]
[Date "2013.07.12"]
[Round "5"]
[White "Wang, Richard"]
[Black "Song, Guannan Terry"]
[Result "1-0"]
[WhiteElo "2484"]
[BlackElo "2190"]
[PlyCount "59"]
[GameId "2160767909334957"]
[EventDate "2013.07.10"]
[EventType "swiss"]
[EventRounds "6"]
[EventCountry "CAN"]
[SourceTitle "EXT 2022"]
[Source "ChessBase"]
[SourceDate "2021.10.06"]
[SourceVersion "1"]
[SourceVersionDate "2021.10.06"]
[SourceQuality "1"]

1. d4 Nf6 2. Nf3 c5 3. e3 e6 4. Bd3 b6 5. O-O Be7 6. c4 Bb7 7. Nc3 O-O 8. d5 exd5 9. cxd5 d6 10. e4 a6 11. a4 Nbd7 12. h3 Ne5 13. Bc2 Nxf3+ 14. Qxf3 Nd7 15. Qg3 Bf6 16. b3 Qe7 17. Bb2 b5 18. Rab1 bxa4 19. Nxa4 Bxb2 20. Nxb2 f5 21. exf5 Bxd5 22. Rfe1 Qf6 23. Red1 Nb6 24. Na4 Nxa4 25. bxa4 Qf7 26. Qxd6 Ba2 27. Ra1 Qc4 28. Bd3 Qxa4 29. Bb1 Rxf5 30. Bxf5 1-0

[Event "CYCC U16"]
[Site "Ottawa CAN"]
[Date "2013.07.12"]
[Round "6"]
[White "Fu, James"]
[Black "Wang, Richard"]
[Result "0-1"]
[WhiteElo "2257"]
[BlackElo "2484"]
[PlyCount "84"]
[GameId "2160767909334960"]
[EventDate "2013.07.10"]
[EventType "swiss"]
[EventRounds "6"]
[EventCountry "CAN"]
[SourceTitle "hb 2013"]

1. e4 c5 2. Nf3 g6 3. d4 cxd4 4. Qxd4 Nf6 5. Bc4 Nc6 6. Qd3 d6 7. O-O Bg7 8. Rd1 O-O 9. Nbd2 Bg4 10. h3 Ne5 11. Nxe5 Bxd1 12. Nxf7 Rxf7 13. Bxf7+ Kxf7 14. Nf1 Bh5 15. Bg5 Qb6 16. Rb1 Kg8 17. Ne3 Rf8 18. g4 Bxg4 19. hxg4 Kh8 20. Kg2 Qc5 21. f4 Ng8 22. c3 Bf6 23. Bxf6+ Nxf6 24. Rh1 e6 25. Rd1 Kg8 26. Kf3 Ne8 27. Qc4 Qe5 28. Ng2 g5 29. f5 h5 30. gxh5 d5 31. Qd4 Qh2 32. Ne3 Nd6 33. Nxd5 Nxf5 34. Nf6+ Rxf6 35. Qd8+ Rf8 36. Qxg5+ Ng7+ 37. Ke3 Qf2+ 38. Kd3 Rf3+ 39. Kc4 Qe2+ 40. Kc5 b6+ 41. Kc6 Qxd1 42. h6 Rf7 0-1

[Event "Fort McMurray op"]
[Site "Fort McMurray CAN"]
[Date "2013.07.07"]
[Round "4"]
[White "Wang, Richard"]
[Black "Pua, Richard"]
[Result "1-0"]
[WhiteElo "2484"]
[BlackElo "2089"]
[PlyCount "85"]
[GameId "2160767909339166"]
[EventDate "2013.07.05"]
[EventType "swiss"]
[EventRounds "5"]
[EventCountry "CAN"]

1. d4 Nf6 2. Nf3 e6 3. e3 b6 4. Bd3 Bb7 5. O-O c5 6. c4 Be7 7. Nc3 d5 8. cxd5 exd5 9. dxc5 bxc5 10. Bb5+ Bc6 11. Qa4 Qb6 12. Ne5 Bxb5 13. Qxb5+ Kf8 14. Qd3 Qe6 15. Nf3 Nc6 16. b3 Rd8 17. Bb2 h5 18. Rac1 h4 19. h3 Rh5 20. Ne2 g5 21. Rfd1 Ne4 22. a3 a5 23. Nd2 Ne5 24. Bxe5 Qxe5 25. Nxe4 dxe4 26. Qc4 Bd6 27. Kf1 g4 28. Nf4 gxh3 29. gxh3 Rg5 30. Rd5 Qg7 31. Rcd1 Rg1+ 32. Ke2 Rxd1 33. Rxd1 Qb2+ 34. Rd2 Qxa3 35. Qc3 c4 36. Nd5 Ke8 37. Nf6+ Ke7 38. Nxe4 Bc7 39. Qf6+ Ke8 40. Qc6+ Kf8 41. Qxc7 Rxd2+ 42. Nxd2 cxb3 43. Qb8+ 1-0

[Event "Edmonton-A"]
[Site "Edmonton CAN"]
[Date "2013.06.23"]
[Round "1"]
[White "Gardner, Robert"]
[Black "Wang, Richard"]
[Result "0-1"]
[WhiteElo "2213"]
[BlackElo "2371"]
[PlyCount "68"]
[GameId "2160767909339238"]
[EventDate "2013.06.22"]
[EventType "tourn"]
[EventRounds "9"]
[EventCountry "CAN"]
[EventCategory "8"]
[SourceTitle "CBM 155 Extra"]
[Source "ChessBase"]
[SourceDate "2013.08.26"]
[SourceVersion "1"]
[SourceVersionDate "2013.08.26"]
[SourceQuality "1"]

1. d4 d5 2. c4 c6 3. Nf3 Nf6 4. Nc3 dxc4 5. a4 Bf5 6. Ne5 Nbd7 7. Nxc4 Nb6 8. Ne5 a5 9. Bg5 g6 10. e3 Bg7 11. Be2 O-O 12. O-O Nbd5 13. Rc1 Nb4 14. f3 h6 15. Bh4 Nd7 16. Nc4 Be6 17. Bf2 Bxc4 18. Bxc4 e5 19. Ne2 Nb6 20. Bb3 exd4 21. Nxd4 Qe7 22. Rb1 Rfd8 23. Qc1 Nd3 24. Qc2 Nxf2 25. Qxg6 Nh3+ 26. Kh1 Nf4 27. Qxg7+ Kxg7 28. Nf5+ Kf6 29. Nxe7 Nd3 30. Bxf7 Kxe7 31. Bg6 Nxa4 32. f4 b5 33. e4 Naxb2 34. e5 Nc4 0-1

[Event "Edmonton-A"]
[Site "Edmonton CAN"]
[Date "2013.06.26"]
[Round "4"]
[White "Short, Nigel"]
[Black "Wang, Richard"]
[Result "1/2-1/2"]
[WhiteElo "2682"]
[BlackElo "2371"]
[PlyCount "89"]
[GameId "2160767909339256"]
[EventDate "2013.06.22"]
[EventType "tourn"]
[EventRounds "9"]
[EventCountry "CAN"]
[EventCategory "8"]
[SourceTitle "CBM 155 Extra"]
[Source "ChessBase"]
[SourceDate "2013.08.26"]
[SourceVersion "1"]
[SourceVersionDate "2013.08.26"]
[SourceQuality "1"]

1. e4 c5 2. Nc3 Nc6 3. Bb5 Nd4 4. Bc4 e6 5. Nf3 a6 6. Nxd4 cxd4 7. Ne2 b5 8. Bb3 Bb7 9. d3 Bc5 10. Ng3 Ne7 11. O-O O-O 12. Qh5 Rc8 13. Bd2 Kh8 14. Kh1 f6 15. a4 Qe8 16. Qh3 Qg6 17. axb5 axb5 18. Rae1 f5 19. f3 Bd6 20. Ne2 Qf6 21. g4 Ng6 22. gxf5 exf5 23. Ng3 f4 24. Nf5 Be5 25. Bb4 d6 26. Rg1 Rce8 27. Rxg6 Qxg6 28. Rg1 Qf6 29. Rxg7 Qxf5 30. Qxf5 Rxf5 31. Rxb7 Rg5 32. Rxb5 h6 33. Rb7 Ra8 34. Ba3 Rg7 35. Rxg7 Kxg7 36. Bd5 Ra7 37. Kg2 Kf6 38. Kh3 Kg5 39. Bc4 Ra4 40. Be6 Ra7 41. Kg2 Rc7 42. Bc4 Ra7 43. Kh3 Ra4 44. Be6 Ra7 45. Bc4 1/2-1/2

[Event "Edmonton-A"]
[Site "Edmonton CAN"]
[Date "2013.07.01"]
[Round "9"]
[White "Wang, Richard"]
[Black "Doroshenko, Maxim"]
[Result "1-0"]
[WhiteElo "2371"]
[BlackElo "2336"]
[PlyCount "73"]
[GameId "2160767909339281"]
[EventDate "2013.06.22"]
[EventType "tourn"]
[EventRounds "9"]
[EventCountry "CAN"]
[EventCategory "8"]
[SourceTitle "CBM 155 Extra"]
[Source "ChessBase"]
[SourceDate "2013.08.26"]
[SourceVersion "1"]
[SourceVersionDate "2013.08.26"]
[SourceQuality "1"]

1. d4 d6 2. Nf3 Nf6 3. c4 Nbd7 4. Nc3 e5 5. e4 Be7 6. Be2 c6 7. O-O a6 8. Qc2 O-O 9. Rd1 Qc7 10. Bg5 Re8 11. Bh4 Nf8 12. c5 dxc5 13. Bg3 cxd4 14. Bxe5 Qa5 15. Bxd4 Ne6 16. Bc4 Nxd4 17. Nxd4 Bg4 18. f3 Qe5 19. Nce2 Bd6 20. g3 c5 21. Qb3 cxd4 22. Bxf7+ Kf8 23. Bxe8 Be6 24. Qxb7 Rxe8 25. Qxa6 g5 26. Rac1 d3 27. Qxd3 Bc5+ 28. Kh1 g4 29. Nf4 gxf3 30. Nxe6+ Rxe6 31. Qxf3 Qxe4 32. Qxe4 Nxe4 33. Kg2 Be3 34. Rc7 Bg5 35. Re1 h6 36. Rc4 Nc5 37. Rf1+ 1-0

[Event "Calgary int."]
[Site "Calgary CAN"]
[Date "2013.05.14"]
[Round "1"]
[White "Nguyen, Kim"]
[Black "Wang, Richard"]
[Result "0-1"]
[WhiteElo "2079"]
[BlackElo "2365"]
[PlyCount "50"]
[GameId "2160767909356104"]
[EventDate "2013.05.14"]
[EventType "swiss"]
[EventRounds "9"]
[EventCountry "CAN"]
[SourceTitle "The Week in Chess 967"]
[Source "Mark Crowther"]
[SourceDate "2013.05.20"]
[SourceVersion "1"]
[SourceVersionDate "2013.05.20"]
[SourceQuality "2"]

1. e4 c5 2. Nf3 d6 3. d4 cxd4 4. Nxd4 Nf6 5. Nc3 g6 6. Be3 Bg7 7. f3 Nc6 8. Qd2 O-O 9. Bc4 Bd7 10. O-O-O Rb8 11. Bb3 Na5 12. g4 b5 13. Qd3 b4 14. Nb1 Nxb3+ 15. axb3 Qa5 16. h4 Rfc8 17. g5 Nh5 18. Rh2 Be5 19. Rf2 Qa1 20. f4 Bg7 21. c4 bxc3 22. bxc3 Bxd4 23. Bxd4 Rxb3 24. c4 Rxc4+ 25. Qxc4 Rxb1+ 0-1

[Event "Calgary int."]
[Site "Calgary CAN"]
[Date "2013.05.15"]
[Round "2"]
[White "Hansen, Eric"]
[Black "Wang, Richard"]
[Result "1-0"]
[WhiteElo "2577"]
[BlackElo "2365"]
[PlyCount "63"]
[GameId "2160767909356110"]
[EventDate "2013.05.14"]
[EventType "swiss"]
[EventRounds "9"]
[EventCountry "CAN"]
[SourceTitle "The Week in Chess 967"]
[Source "Mark Crowther"]
[SourceDate "2013.05.20"]
[SourceVersion "1"]
[SourceVersionDate "2013.05.20"]
[SourceQuality "2"]

1. e4 c5 2. Nf3 g6 3. c4 Bg7 4. d4 Qb6 5. dxc5 Qxc5 6. Be2 Nf6 7. Nc3 Ng4 8. O-O Bxc3 9. bxc3 O-O 10. h3 Ne5 11. Bh6 Re8 12. Qd4 Nxf3+ 13. Bxf3 Qxd4 14. cxd4 d6 15. Rab1 e5 16. c5 dxc5 17. dxc5 Nc6 18. Be2 Nd4 19. Bd3 Rb8 20. Rfc1 Bd7 21. Be3 Bc6 22. f3 Rbd8 23. Bc4 Kg7 24. Rd1 Nc2 25. Rxd8 Rxd8 26. Bc1 Rd1+ 27. Kf2 Nd4 28. Bh6+ Kxh6 29. Rxd1 Kg7 30. Ke3 g5 31. Bd5 Kf6 32. Rb1 1-0

[Event "Calgary int."]
[Site "Calgary CAN"]
[Date "2013.05.15"]
[Round "3"]
[White "Wang, Richard"]
[Black "McEntee, Tim R"]
[Result "1-0"]
[WhiteElo "2365"]
[BlackElo "2115"]
[PlyCount "41"]
[GameId "2160767909356127"]
[EventDate "2013.05.14"]
[EventType "swiss"]
[EventRounds "9"]
[EventCountry "CAN"]
[SourceTitle "CBM 154 Extra"]
[Source "ChessBase"]
[SourceDate "2013.06.25"]
[SourceVersion "2"]
[SourceVersionDate "2013.06.25"]
[SourceQuality "1"]

1. d4 Nf6 2. Nf3 e6 3. e3 b6 4. Bd3 Bb7 5. O-O Ne4 6. Ne5 Nf6 7. c4 d6 8. Nf3 Be7 9. Nc3 Nbd7 10. b3 O-O 11. Bb2 c5 12. d5 e5 13. Nd2 Re8 14. f4 Bf8 15. Nce4 Nxe4 16. Nxe4 f5 17. Ng5 e4 18. Qh5 h6 19. Qf7+ Kh8 20. Qxf5 hxg5 21. fxg5 1-0

[Event "Calgary int."]
[Site "Calgary CAN"]
[Date "2013.05.16"]
[Round "4"]
[White "Perelshteyn, Eugene"]
[Black "Wang, Richard"]
[Result "1/2-1/2"]
[WhiteElo "2517"]
[BlackElo "2365"]
[PlyCount "85"]
[GameId "2160767909356134"]
[EventDate "2013.05.14"]
[EventType "swiss"]
[EventRounds "9"]
[EventCountry "CAN"]
[SourceTitle "The Week in Chess 967"]
[Source "Mark Crowther"]
[SourceDate "2013.05.20"]
[SourceVersion "1"]
[SourceVersionDate "2013.05.20"]
[SourceQuality "2"]

1. e4 c5 2. Nf3 d6 3. d4 cxd4 4. Nxd4 Nf6 5. Nc3 g6 6. Be2 Bg7 7. O-O Nc6 8. Be3 O-O 9. Qd2 d5 10. Nxc6 bxc6 11. e5 Nd7 12. f4 e6 13. Na4 Re8 14. c4 f6 15. exf6 Qxf6 16. Rad1 Nb6 17. Nxb6 axb6 18. b3 Rb8 19. c5 bxc5 20. Bxc5 e5 21. fxe5 Qxe5 22. Bd3 Bg4 23. Rde1 Qc3 24. Qxc3 Bxc3 25. Rc1 d4 26. Rc2 Rbd8 27. h3 Bf5 28. Bxf5 gxf5 29. Kf2 Rd5 30. b4 Re4 31. Rd1 Rde5 32. a4 Be1+ 33. Rxe1 Rxe1 34. Bxd4 R5e4 35. Rxc6 R1e2+ 36. Kf3 Ra2 37. Rc8+ Kf7 38. Rc7+ Ke6 39. Bc5 Ra3+ 40. Kf2 Ra2+ 41. Kf3 Ra3+ 42. Kf2 Ra2+ 43. Kf3 1/2-1/2

[Event "Calgary int."]
[Site "Calgary CAN"]
[Date "2013.05.19"]
[Round "7"]
[White "Piasetski, Leon"]
[Black "Wang, Richard"]
[Result "1/2-1/2"]
[WhiteElo "2282"]
[BlackElo "2365"]
[PlyCount "123"]
[GameId "2160767909356165"]
[EventDate "2013.05.14"]
[EventType "swiss"]
[EventRounds "9"]
[EventCountry "CAN"]
[SourceTitle "CBM 154 Extra"]
[Source "ChessBase"]
[SourceDate "2013.06.25"]
[SourceVersion "2"]
[SourceVersionDate "2013.06.25"]
[SourceQuality "1"]

1. c4 c5 2. Nf3 Nc6 3. Nc3 e5 4. e3 Nf6 5. d4 cxd4 6. exd4 e4 7. Ne5 Bb4 8. Be3 Qa5 9. Qb3 d6 10. Nxc6 bxc6 11. Bd2 O-O 12. a3 Bxc3 13. Qxc3 Qh5 14. h3 Re8 15. Rg1 c5 16. Be2 Qf5 17. Be3 cxd4 18. Qxd4 Qa5+ 19. Qd2 Qa4 20. Qxd6 Be6 21. Qb4 Qd7 22. Rd1 Qc7 23. Qd6 Qb7 24. Qb4 Qc7 25. Qd6 Qa5+ 26. Qd2 Qc7 27. Bf4 Qb7 28. Qb4 Qc6 29. Rd6 Qc8 30. g4 Rb8 31. Qc3 e3 32. Rd4 exf2+ 33. Kxf2 Qc5 34. Be3 Qe5 35. Bf3 Qh2+ 36. Bg2 Bxc4 37. Rxc4 Nd5 38. Rh1 Nxc3 39. Rxh2 Nd1+ 40. Kg1 Rxe3 41. Bf1 h6 42. Rd4 Nxb2 43. Rb4 Rxb4 44. axb4 Nd3 45. Ra2 Nxb4 46. Rxa7 Nc6 47. Ra8+ Kh7 48. Kf2 Re7 49. Ra4 Ne5 50. Re4 Ng6 51. Bd3 Rxe4 52. Bxe4 Kg8 53. Bxg6 fxg6 54. h4 Kf7 55. Kf3 Ke7 56. Ke3 Kd7 57. Kd3 Ke6 58. Ke4 Kf6 59. Kf4 g5+ 60. hxg5+ hxg5+ 61. Ke4 Ke6 62. Kd4 1/2-1/2

[Event "Calgary int."]
[Site "Calgary CAN"]
[Date "2013.05.19"]
[Round "8"]
[White "Wang, Richard"]
[Black "Peter, Steven"]
[Result "1-0"]
[WhiteElo "2365"]
[BlackElo "2234"]
[PlyCount "63"]
[GameId "2160767909356174"]
[EventDate "2013.05.14"]
[EventType "swiss"]
[EventRounds "9"]
[EventCountry "CAN"]
[SourceTitle "CBM 154 Extra"]
[Source "ChessBase"]
[SourceDate "2013.06.25"]
[SourceVersion "2"]
[SourceVersionDate "2013.06.25"]
[SourceQuality "1"]

1. d4 Nf6 2. Nf3 c5 3. d5 g6 4. c4 b5 5. cxb5 a6 6. bxa6 Bg7 7. Nc3 Bxa6 8. g3 d6 9. Bg2 Nbd7 10. Rb1 O-O 11. O-O Qa5 12. Bd2 Bb7 13. Qc2 Qa7 14. e4 Ng4 15. b3 Ba6 16. Rfd1 c4 17. Be1 cxb3 18. Rxb3 Rfc8 19. h3 Nge5 20. Nxe5 Bxe5 21. Kh2 Bc4 22. Rb2 Nc5 23. Rb4 Na6 24. Rb2 Nc5 25. Rb4 Na6 26. Rbb1 Nc5 27. f4 Bxc3 28. Qxc3 Bxa2 29. Rbc1 Qa6 30. Qd4 Rab8 31. e5 Qa4 32. Rxc5 1-0

[Event "Calgary int."]
[Site "Calgary CAN"]
[Date "2013.05.20"]
[Round "9"]
[White "So, Wesley"]
[Black "Wang, Richard"]
[Result "1-0"]
[Annotator ",VLAD"]
[WhiteElo "2705"]
[BlackElo "2365"]
[PlyCount "73"]
[GameId "2160767738237751"]
[EventDate "2013.05.14"]
[EventType "swiss"]
[EventRounds "9"]
[EventCountry "CAN"]
[TimeControl "5400"]

1. e4 c5 2. Nf3 d6 3. d4 cxd4 4. Nxd4 Nf6 5. Nc3 g6 6. Be3 Bg7 7. f3 Nc6 8. Qd2 O-O 9. Bc4 Bd7 10. O-O-O Rc8 11. Bb3 Nxd4 12. Bxd4 b5 13. Bxa7 Qa5 14. Bd4 Be6 15. Nd5 Qxd2+ 16. Kxd2 Bxd5 17. exd5 Ne4+ 18. Ke3 Nc5 19. Bxg7 Kxg7 20. c3 Nxb3 21. axb3 Ra8 22. Ra1 Rfc8 23. b4 Kf6 24. f4 e6 25. dxe6 Kxe6 26. Ra5 Rab8 27. Ra7 h5 28. Re1 Ra8 29. Rb7 Rcb8 30. Kd4+ Kf6 31. Rd7 Rd8 32. Rxd8 Rxd8 33. Kd5 Kf5 34. Kc6 f6 35. Kxb5 Kxf4 36. Kc6 d5 37. Kc7 1-0

[Event "Alberta-ch"]
[Site "Calgary CAN"]
[Date "2013.03.29"]
[Round "1"]
[White "Wang, Richard"]
[Black "Hansen, Eric"]
[Result "1/2-1/2"]
[WhiteElo "2460"]
[BlackElo "2588"]
[PlyCount "47"]
[GameId "2160767909372934"]
[EventDate "2013.03.29"]
[EventType "tourn"]
[EventRounds "5"]
[EventCountry "CAN"]
[EventCategory "7"]
[SourceTitle "EXT 2014"]
[Source "ChessBase"]
[SourceDate "2013.11.20"]
[SourceVersion "1"]
[SourceVersionDate "2013.11.20"]
[SourceQuality "1"]

1. d4 Nf6 2. Nf3 g6 3. c4 Bg7 4. Nc3 d5 5. cxd5 Nxd5 6. e4 Nxc3 7. bxc3 c5 8. Rb1 O-O 9. Be2 cxd4 10. cxd4 Qa5+ 11. Bd2 Qxa2 12. O-O Bg4 13. Be3 Nc6 14. d5 Na5 15. Bg5 b6 16. Bxe7 Rfe8 17. d6 Nc6 18. Bb5 Nxe7 19. Bxe8 Rxe8 20. dxe7 Qa3 21. h3 Be6 22. Nd4 Qxe7 23. Nxe6 Qxe6 24. Qa4 1/2-1/2

[Event "Alberta-ch"]
[Site "Calgary CAN"]
[Date "2013.03.30"]
[Round "2"]
[White "Wang, Richard"]
[Black "Porper, Edward"]
[Result "0-1"]
[WhiteElo "2460"]
[BlackElo "2494"]
[PlyCount "72"]
[GameId "2160767909372938"]
[EventDate "2013.03.29"]
[EventType "tourn"]
[EventRounds "5"]
[EventCountry "CAN"]
[EventCategory "7"]
[SourceTitle "EXT 2014"]
[Source "ChessBase"]
[SourceDate "2013.11.20"]
[SourceVersion "1"]
[SourceVersionDate "2013.11.20"]
[SourceQuality "1"]

1. d4 Nf6 2. Nf3 e6 3. e3 b6 4. Bd3 Bb7 5. O-O d5 6. b3 Bd6 7. Bb2 O-O 8. Nbd2 c5 9. Ne5 Nc6 10. a3 Rc8 11. Qe2 Ne7 12. Rfd1 cxd4 13. exd4 Rc7 14. Rac1 Qa8 15. Re1 Qc8 16. c4 Ng6 17. g3 dxc4 18. bxc4 Ba8 19. f3 Rd8 20. Nxg6 hxg6 21. Ne4 Be7 22. h4 Nh5 23. Kf2 Rcd7 24. Rg1 Qb8 25. Qe3 e5 26. Rce1 exd4 27. Qd2 Bd6 28. Nxd6 Qxd6 29. Qg5 Qc6 30. Be4 Qxc4 31. Bxa8 Rxa8 32. Rc1 Qb3 33. Qd2 Qe3+ 34. Qxe3 dxe3+ 35. Ke1 Rd2 36. Bc3 Rad8 0-1

[Event "Alberta-ch"]
[Site "Calgary CAN"]
[Date "2013.03.30"]
[Round "3"]
[White "Yam, Alex"]
[Black "Wang, Richard"]
[Result "1-0"]
[WhiteElo "2380"]
[BlackElo "2460"]
[PlyCount "77"]
[GameId "2160767909372941"]
[EventDate "2013.03.29"]
[EventType "tourn"]
[EventRounds "5"]
[EventCountry "CAN"]
[EventCategory "7"]
[SourceTitle "EXT 2014"]
[Source "ChessBase"]
[SourceDate "2013.11.20"]
[SourceVersion "1"]
[SourceVersionDate "2013.11.20"]
[SourceQuality "1"]

1. e4 c5 2. Nf3 g6 3. c3 d5 4. exd5 Qxd5 5. d4 Bg7 6. dxc5 Qxc5 7. Na3 Bxc3+ 8. bxc3 Qxc3+ 9. Qd2 Qxa1 10. Bc4 Qg7 11. Ng5 Nf6 12. Bxf7+ Qxf7 13. Nxf7 Kxf7 14. Nc4 Nc6 15. f4 Bf5 16. Ne5+ Kg7 17. Nxc6 bxc6 18. O-O Rhd8 19. Qc3 Rac8 20. Re1 Rc7 21. Ba3 Kf7 22. Qe5 Rdd7 23. h3 h5 24. Kh2 Rb7 25. Qc5 Rbc7 26. Qe5 Rb7 27. Qc5 Rbc7 28. Re5 Nd5 29. Kg3 Nf6 30. Kh4 Kg7 31. Bb4 Kf7 32. Ba5 Rc8 33. Bb4 Rcc7 34. Qc4+ Kg7 35. Bc3 Bd3 36. Qc5 Kf7 37. Ba5 Rc8 38. Bb4 Nd5 39. Rxd5 1-0

[Event "Alberta-ch"]
[Site "Calgary CAN"]
[Date "2013.03.31"]
[Round "4"]
[White "Wang, Richard"]
[Black "Rekhson, Vladislav"]
[Result "1-0"]
[WhiteElo "2460"]
[BlackElo "2136"]
[PlyCount "59"]
[GameId "2160767909372944"]
[EventDate "2013.03.29"]
[EventType "tourn"]
[EventRounds "5"]
[EventCountry "CAN"]
[EventCategory "7"]
[SourceTitle "EXT 2014"]
[Source "ChessBase"]
[SourceDate "2013.11.20"]
[SourceVersion "1"]
[SourceVersionDate "2013.11.20"]
[SourceQuality "1"]

1. d4 Nf6 2. Nf3 e6 3. e3 d5 4. Bd3 Be7 5. b3 c5 6. O-O O-O 7. Bb2 b6 8. Ne5 Bb7 9. Nd2 Nbd7 10. f4 Ne4 11. Nxe4 dxe4 12. Bc4 Nf6 13. Qe2 Nd5 14. Rad1 f6 15. Ng4 f5 16. Ne5 Qc7 17. g4 Rad8 18. Kh1 cxd4 19. Bxd4 Bc5 20. gxf5 Bxd4 21. Rxd4 Rxf5 22. Rfd1 Rc8 23. Qg4 Rf6 24. Bxd5 exd5 25. c4 Rd8 26. cxd5 Rfd6 27. Qf5 g6 28. Qxe4 Qc5 29. Ng4 h5 30. Ne5 1-0

[Event "Alberta-ch"]
[Site "Calgary CAN"]
[Date "2013.03.31"]
[Round "5"]
[White "Pechenkin, Vladimir"]
[Black "Wang, Richard"]
[Result "1/2-1/2"]
[WhiteElo "2428"]
[BlackElo "2460"]
[PlyCount "21"]
[GameId "2160767909372945"]
[EventDate "2013.03.29"]
[EventType "tourn"]
[EventRounds "5"]
[EventCountry "CAN"]
[EventCategory "7"]
[SourceTitle "EXT 2014"]
[Source "ChessBase"]
[SourceDate "2013.11.20"]
[SourceVersion "1"]
[SourceVersionDate "2013.11.20"]
[SourceQuality "1"]

1. g3 c5 2. Bg2 Nc6 3. c4 g6 4. Nc3 Bg7 5. Nf3 d6 6. O-O Qd7 7. d3 b6 8. Bd2 Bb7 9. a3 e6 10. Rb1 Nge7 11. b4 1/2-1/2

[Event "Northern Alberta op"]
[Site "Edmonton CAN"]
[Date "2013.02.16"]
[Round "1"]
[White "Phillips, Brian"]
[Black "Wang, Richard"]
[Result "0-1"]
[WhiteElo "1673"]
[BlackElo "2476"]
[PlyCount "86"]
[GameId "2160767909381680"]
[EventDate "2013.02.16"]
[EventType "swiss"]
[EventRounds "5"]
[EventCountry "CAN"]
[SourceTitle "EXT 2014"]
[Source "ChessBase"]
[SourceDate "2013.11.20"]
[SourceVersion "1"]
[SourceVersionDate "2013.11.20"]
[SourceQuality "1"]

1. e4 c5 2. Nc3 e6 3. Nf3 d5 4. d4 Nc6 5. Bb5 Nf6 6. Bg5 Be7 7. O-O dxe4 8. Bxf6 Bxf6 9. Ne5 Bd7 10. Nxd7 Qxd7 11. d5 Bxc3 12. dxc6 bxc6 13. Qxd7+ Kxd7 14. Rfd1+ Kc7 15. Ba4 Bxb2 16. Rab1 Rab8 17. c4 Rb4 18. Bb3 a5 19. Rxb2 a4 20. Kf1 axb3 21. axb3 Rhb8 22. Rbd2 R8b7 23. Rd7+ Kb8 24. Rd8+ Ka7 25. Ra1+ Kb6 26. Rb1 f5 27. Rd6 Re7 28. Ke2 Kc7 29. Rd2 Rd7 30. Ra2 Rb7 31. Ra4 Rd3 32. Ra3 Rc3 33. Rba1 Rcxb3 34. Rxb3 Rxb3 35. Ra7+ Rb7 36. Ra5 Kd6 37. Ra3 Ke5 38. Ra6 Rc7 39. f3 exf3+ 40. Kxf3 Kd4 41. Ra4 e5 42. g4 f4 43. Ra8 Rb7 0-1

[Event "Northern Alberta op"]
[Site "Edmonton CAN"]
[Date "2013.02.16"]
[Round "2"]
[White "Wang, Richard"]
[Black "Sequillion, Aaron"]
[Result "1-0"]
[WhiteElo "2476"]
[BlackElo "2093"]
[PlyCount "69"]
[GameId "2160767909381684"]
[EventDate "2013.02.16"]
[EventType "swiss"]
[EventRounds "5"]
[EventCountry "CAN"]
[SourceTitle "EXT 2014"]
[Source "ChessBase"]
[SourceDate "2013.11.20"]
[SourceVersion "1"]
[SourceVersionDate "2013.11.20"]
[SourceQuality "1"]

1. d4 Nf6 2. Nf3 g6 3. c4 Bg7 4. Nc3 O-O 5. e4 d6 6. h3 Na6 7. Bg5 e5 8. d5 Qe8 9. g4 Nd7 10. Rg1 Ndc5 11. a3 f5 12. gxf5 gxf5 13. Bh6 Rf7 14. exf5 Bxf5 15. b4 e4 16. Nh4 Nd3+ 17. Bxd3 exd3+ 18. Be3 Qe5 19. Qd2 c5 20. Nxf5 Rxf5 21. b5 Nb4 22. axb4 cxb4 23. Qxd3 bxc3 24. O-O-O c2 25. Qxc2 Qa1+ 26. Kd2 Qa5+ 27. Ke2 Rf7 28. Rg4 Re8 29. Rdg1 Qa3 30. R1g3 h5 31. Re4 Rfe7 32. Rxe7 Rxe7 33. Rg5 Qa1 34. Rxh5 Rf7 35. Qe4 1-0

[Event "Northern Alberta op"]
[Site "Edmonton CAN"]
[Date "2013.02.16"]
[Round "3"]
[White "Kalisvaart, Peter"]
[Black "Wang, Richard"]
[Result "1/2-1/2"]
[WhiteElo "2189"]
[BlackElo "2476"]
[PlyCount "77"]
[GameId "2160767909381685"]
[EventDate "2013.02.16"]
[EventType "swiss"]
[EventRounds "5"]
[EventCountry "CAN"]
[SourceTitle "EXT 2014"]
[Source "ChessBase"]
[SourceDate "2013.11.20"]
[SourceVersion "1"]
[SourceVersionDate "2013.11.20"]
[SourceQuality "1"]

1. d4 d5 2. c4 c6 3. Nc3 Nf6 4. cxd5 cxd5 5. Bg5 Nc6 6. Bxf6 gxf6 7. e3 a6 8. g3 Bf5 9. Bg2 e6 10. Nge2 h5 11. h4 Qb6 12. O-O Bd6 13. Na4 Qc7 14. Rc1 Rg8 15. Nf4 Bxf4 16. exf4 O-O-O 17. Nc5 e5 18. fxe5 fxe5 19. Qd2 exd4 20. b4 Kb8 21. a4 Qd6 22. b5 axb5 23. axb5 Ne5 24. b6 Rg6 25. Qf4 Be6 26. Qxd4 Rg4 27. f4 Nc6 28. Qf2 Rdg8 29. Rc3 Bc8 30. Ra1 Rxg3 31. Rxg3 Rxg3 32. Qxg3 Qxc5+ 33. Qf2 d4 34. Bxc6 bxc6 35. Rd1 Qf5 36. Rxd4 Qg4+ 37. Kh2 Qh3+ 38. Kg1 Qg4+ 39. Kh2 1/2-1/2